MKW WR Holder Blitz - Statistics

General Stats
  • This quiz has been taken 136 times
  • The average score is 26 of 32
Answer Stats
Track Answer % Correct
Luigi Circuit Cole
100%
Moo Moo Meadows Sosis
100%
SNES Ghost Valley 2 Sosis
100%
N64 Mario Raceway Sosis
100%
N64 Sherbet Land Sosis
100%
GBA Shy Guy Beach Sosis
100%
DS Desert Hills Sosis
100%
Toad's Factory Logan
95%
GCN DK Mountain Logan
95%
Daisy Circuit Luke
91%
Moonview Highway Luke
91%
DS Delfino Square Luke
91%
GBA Bowser Castle 3 Luke
91%
N64 DK's Jungle Parkway Luke
91%
GCN Mario Circuit Luke
91%
SNES Mario Circuit 3 Luke
91%
N64 Bowser's Castle Luke
91%
Mushroom Gorge Connor
82%
GCN Waluigi Stadium Connor
82%
Mario Circuit Guy
82%
Koopa Cape Jongwoo
77%
Maple Treeway Demon
73%
DK's Snowboard Cross Blake
68%
Coconut Mall Braixen
68%
DS Yoshi Falls David
68%
Dry Dry Ruins Justin
68%
Grumble Volcano Barney
59%
Rainbow Road Kaede
59%
GCN Peach Beach Kasey
59%
Wario's Gold Mine Vincent
59%
Bowser's Castle Zeke
59%
DS Peach Gardens (with a space) King Alex
50%
No matching quizzes found
Score Distribution
Percent of People with Each Score
Percentile by Number Answered
Your Score History
You have not taken this quiz